000 00586cam a22002291 4500
001 sa 67007087
003 DLC
005 20260227112412.0
008 890710s1967 ii b 000 0 hino
010 _asa 67007087
035 _a(OCoLC)19989148
040 _aDLC
_cWaU
_dDLC
042 _apremarc
050 0 0 _aPK5417
_b.J5
100 1 _aJhārī, Kr̥shṇadeva,
_d1927-
245 1 0 _aBhāratīya kāvya-śāstra ke siddhānta.
260 _c[1967]
300 _aiii, 320 p.
_c23 cm.
500 _aIn Hindi.
504 _aBibliographical footnotes.
650 0 _aIndic poetry.
999 _c76349
_d76349